| 000 | 00636nam a22002057i 4500 | ||
|---|---|---|---|
| 999 |
_c23008 _d23008 |
||
| 003 | AR-CdUCM | ||
| 008 | 240823b20222022 pe||||| |||| 00| 0 spa d | ||
| 020 | _a978-612-48055-9-2 | ||
| 040 |
_aMUNICIPALIDAD PROVINCIAL DEL CUSCO _cBIBLIOTECA MUNICIPAL DEL CUSCO |
||
| 082 |
_a869.57 / E77I _bE77I |
||
| 100 |
_aEscobar Bulnes, Ingrid _950263 |
||
| 245 |
_aInteligencia Emocional : _bEmpatía / |
||
| 260 |
_aLima : _bCírculo Editorial, _c2022 |
||
| 300 |
_a94 páginas. : _c21 cm |
||
| 650 |
_aLiteratura peruana _950265 |
||
| 650 |
_aNovela _950266 |
||
| 650 |
_aAutoayuda _950249 |
||
| 942 |
_2ddc _cLIBROS |
||
| 945 |
_apbj _d2024-08-23 |
||